El que susurra / (Record no. 39975)
[ view plain ]
| 000 -LEADER | |
|---|---|
| campo de control de longitud fija | 00630nam a2200205 i 4500 |
| 001 - NÚMERO DE CONTROL | |
| campo de control | 39975 |
| 003 - IDENTIFICADOR DE NÚMERO DE CONTROL | |
| campo de control | ES-MaACL |
| 005 - FECHA Y HORA DE LA ÚLTIMA TRANSACCIÓN | |
| campo de control | 20250805063238.0 |
| 007 - CAMPO FIJO DE DESCRIPCIÓN FÍSICA--INFORMACIÓN GENERAL | |
| campo de control de longitud fija | t| |
| 008 - DATOS DE LONGITUD FIJA--INFORMACIÓN GENERAL | |
| campo de control de longitud fija | 030304s1957 sp ||||1| spa d |
| 100 1# - ENTRADA PRINCIPAL--NOMBRE DE PERSONA | |
| Nombre de persona | Carr, John Dickson, |
| Fechas asociadas al nombre | 1906-1977 |
| 9 (RLIN) | 35468 |
| 245 13 - MENCIÓN DEL TÍTULO | |
| Título | El que susurra / |
| Mención de responsabilidad, etc. | John Dickson Carr ; traducción de Clara de la Rosa. |
| 260 ## - PUBLICACIÓN, DISTRIBUCIÓN, ETC. | |
| Lugar de publicación, distribución, etc. | Barcelona : |
| Nombre del editor, distribuidor, etc. | E.D.H.A.S.A., |
| Fecha de publicación, distribución, etc. | [1957] |
| 300 ## - DESCRIPCIÓN FÍSICA | |
| Extensión | 255 p. ; |
| Dimensiones | 18 cm. |
| 490 1# - MENCIÓN DE SERIE | |
| Mención de serie | El séptimo círculo |
| 700 1# - ENTRADA AGREGADA--NOMBRE PERSONAL | |
| Nombre de persona | Rosa , Clara de la. |
| 9 (RLIN) | 181833 |
| 830 0# - PUNTO DE ACCESO ADICIONAL DE SERIE-TÍTULO UNIFORME | |
| Título uniforme | El séptimo círculo |
| 9 (RLIN) | 181830 |
| 852 ## - LOCALIZACIÓN | |
| Ubicación | ES-MaACL |
| Número de control de estantería | C-13936 |
| Sublocalización o colección | R.41522 |
| Estatus retirado | Estado de pérdida | Estado de daño | No para préstamo | Biblioteca de origen | Biblioteca actual | Ubicación en estantería | Fecha de adquisición | Fuente de adquisición | Total de préstamos | Signatura topográfica completa | Código de barras | Visto por última vez | Precio de reemplazo | Tipo de ítem Koha |
|---|---|---|---|---|---|---|---|---|---|---|---|---|---|---|
| Biblioteca del Ateneo de Madrid | Biblioteca del Ateneo de Madrid | Sala Palomar | 17/01/2008 | C-13936 | 1042092 | 23/02/2023 | 23/02/2023 | Libro impreso |
